LDR 00550naa#a2200181#i#450# 001 EN\\bibl\123069 005 20260514050101.4 011 ## _a3034-4689 100 ## _a20260508b2026####ek#y0engy0150####ca 102 ## _aRU 200 1# _aOBTAINING WOLLASTONITE BASED ON ZEOLITE-SILICA ROCK ACTIVATED WITH HYDROCHLORIC ACID _eJournal article 210 1# _aKazan _cKazan National Research Technological University _d2026 215 ## _a4 с. 608 ## _aJournal article _2local 700 #1 _aMishagin _gK. A. 700 #1 _aYamaleeva _gE. S. 700 #1 _a _g 856 4# _avestniktu.ru _u